| 000 | 01054nam a2200301 i 4500 | ||
|---|---|---|---|
| 003 | EG-GICUC | ||
| 005 | 20260416145543.0 | ||
| 008 | 260416s1999 ua ||||fr|||| 00| 0 ara d | ||
| 040 |
_a EG-GICUC _bara _c EG-GICUC _d EG-GICUC _erda |
||
| 041 | 0 | _aara | |
| 082 | 0 | 4 |
_221 _a343.7 _bص ع . ق |
| 092 | 0 | 4 | _221 |
| 099 | _aLaw1 10 343.7 ص ع . ق 1999 | ||
| 100 | 0 |
_aصابر عمار _eAuthor. |
|
| 245 | 1 | 0 |
_aقانونا العقوبات والإجراءات الجنائية وفقًا لاخر التعديلات / _bصابر عمار |
| 264 | 3 |
_aمصر : _bدار الطباعة الحديثة، _c1999. |
|
| 300 |
_a374صفحة : _c24 سم |
||
| 336 |
_2rda content _atext |
||
| 337 |
_2rda media _aComputer |
||
| 338 |
_2rda carrier _aOnline Resource |
||
| 546 | _aالنص باللغة العربية | ||
| 650 | 1 | _aقانون الإجراءات الجنائية | |
| 650 | 1 | _aعلم العقاب | |
| 651 | 1 | _2qrmak | |
| 856 | 4 | 0 | _uhttps://fll.law.cu.edu.eg/fulltext/bks/لآ10-09854.pdf |
| 905 | _a165 | ||
| 942 |
_2ddc _cBK _e21 _n0 |
||
| 999 |
_c71492 _d71492 |
||